Magic in ancient Egypt /

Saved in:

Main Author: Pinch, Geraldine.

Format: Book

Language: English

Published: London : British Museum Press, c1994.

Subjects:

Tags: Add Tag

No Tags, Be the first to tag this record!

Call Number: BF1591 .P56 1994

LEADER 00714aam a2200253 a 4500
003 OSt
005 20250917082919.0
008 950324s1994 enka b 001 0 eng
020 |a 9780714109718 
020 |a 0714109711 
040 |c ARCE Library 
043 |a f-ua--- 
050 4 |a BF1591 .P56 1994 
100 1 |a Pinch, Geraldine. 
245 1 0 |a Magic in ancient Egypt /  |c Geraldine Pinch. 
260 |a London :  |b British Museum Press,  |c c1994. 
300 |a 191 p. :  |b ill. ;   |c 24 cm. 
504 |a Includes bibliographical references (p. 183-185) and index. 
650 0 |a Magic, Egyptian. 
651 0 |a Egypt  |x Antiquities. 
651 0 |a Egypt  |x Religion. 
901 |a reviewed 
942 |2 lcc  |c BK 
999 |c 61140  |d 61140